000 00209 a2200085 4500
020 _a9783836535496
100 _a Masao Furuyama
245 _aAndo: The Geometry of Human Space
260 _bTaschen America Llc
_c2016
999 _c13389
_d13389